| 000 | 00803nam a2200205 u 4500 | ||
|---|---|---|---|
| 001 | 000620105 | ||
| 003 | AM-YeHGA | ||
| 005 | 20250617140003.0 | ||
| 008 | 081215s1973 ||| r 000 0 rus d | ||
| 040 | _aAM-YeHGA | ||
| 041 | 0 | _arus | |
| 245 | 0 | 0 |
_aФизика : _bКраткие содержания докладов к XXXI научной конференции ЛИСИ (29 января - 3 февраля 1973 года) / _cОтв. ред.: Л.А. Оборин. |
| 260 |
_aЛенинград : _bЛИСИ, _c1973. |
||
| 300 |
_a131 с. : _bил. |
||
| 504 | _aБиблиогр. в конце докл. | ||
| 550 | _aЛенингр. инж.-строит. ин-т. | ||
| 653 | 0 | _aФизика - Тезисы докладов | |
| 700 | 1 |
_aОборин, Л.А. _eред. _4edt |
|
| 090 | _c212600 | ||
| 999 |
_c211091 _d211091 |
||